Statistiken für Städte und Gemeinden des Ruhrgebiets auf einer Karte

Klicken Sie hier um das Quiz zu spielen!

Allgemein

  • Dieses Quiz wurde 3.680 mal gespielt
  • Das Durchschnittsergebnis liegt bei 17 aus 53

Antworten auf der Karte

Die Antworten werden auf der Karte rot bzw. grün angezeigt, abhängig davon wie oft sie richtig erraten wurden.
Laden ...
 

Antwortstatistiken

EinwohnerStadt / Gemeinde% Korrekt
587'010Dortmund
95%
583'109Essen
92%
364'628Bochum
88%
260'654Gelsenkirchen
85%
498'590Duisburg
84%
210'829Oberhausen
68%
156'374Herne
61%
117'383Bottrop
58%
179'111Hamm
58%
112'267Recklinghausen
56%
188'814Hagen
56%
170'880Mülheim an der Ruhr
55%
58'633Unna
47%
103'725Moers
40%
73'425Castrop-Rauxel
36%
60'357Wesel
34%
96'563Witten
34%
83'941Marl
31%
75'687Gladbeck
29%
67'525Dinslaken
27%
54'562Hattingen
26%
42'971Kamen
26%
74'736Dorsten
26%
86'449Lünen
26%
46'340Schwerte
25%
38'013Haltern am See
24%
48'725Bergkamen
22%
21'690Xanten
22%
61'791Herten
20%
34'614Datteln
20%
30'075Ennepetal
20%
22'733Herdecke
18%
27'441Wetter (Ruhr)
18%
31'442Oer-Erkenschwick
17%
37'391Kamp-Lintfort
16%
29'662Werne
16%
28'542Schwelm
15%
29'345Waltrop
15%
30'695Gevelsberg
14%
17'118Holzwickede
14%
26'982Neukirchen-Vluyn
13%
26'011Selm
13%
24'747Sprockhövel
13%
26'739Hamminkeln
12%
31'097Rheinberg
12%
35'999Voerde (Niederrhein)
12%
20'766Fröndenberg/Ruhr
12%
18'107Bönen
11%
13'567Hünxe
11%
12'463Alpen
11%
13'599Schermbeck
10%
8'938Breckerfeld
10%
8'675Sonsbeck
9%

Verteilung der Resultate

Perzentil nach korrekt beantworteten Fragen

Anzahl Personen mit jedem Resultat

Ihre Resultats-Entwicklung

Sie haben dieses Quiz noch nicht gespielt